| 000 | 00990cam a22001934a 4500 | ||
|---|---|---|---|
| 005 | 20250605164336.0 | ||
| 008 | 250528s ||||||||||||||||||||||||d | ||
| 035 | _a23452 | ||
| 040 |
_aGR-AtMCL _bgre _dGR-AtMCL _eAACR2 |
||
| 245 | 1 | _aEffects of Self Esteem and Emotional Intelligence on Academic Procrastination./A Quantitative Study. | |
| 260 | _c2016 | ||
| 300 | _a314 | ||
| 520 | _aIntroduction, Design, Two Way Independent Measures ANOVA, Multiple Linear Regression Model, Participants, Materials, Procedure, Analytic Strategy, Results, Internal Reliability Analysis of Procrastination Scale - for Students Populations, Data Screening of the Three Questionnaires, Factorial Independent Measures ANOVA, Descriptive Statistics, Inferential Statistics / Statistical Analysis, Multiple Linear Regression, Discussion, Conclusion, References, Appendix. | ||
| 700 | 1 |
_aBalaska Efstathia _99021 |
|
| 700 | 1 |
_aLouka Penelope _99017 |
|
| 942 | _cDS | ||
| 999 |
_c8462 _d8462 |
||